LEADER 01082nam0-22003491i-450- 001 990004000840403321 005 20040219115408.0 010 $a88-464-5091-4 035 $a000400084 035 $aFED01000400084 035 $a(Aleph)000400084FED01 035 $a000400084 100 $a20040219d2003----km-y0itay50------ba 101 0 $aita 102 $aIT 105 $a--------001cy 200 1 $aPercorsi migratori tra reti etniche, istituzioni e mercato del lavoro$fa cura di Michele La Rosa e Laura Zanfrini 210 $aMilano$cFranco Angeli$d©2003 215 $a249 p.$ctab.$d23 cm 225 1 $aIsmu$v4 610 0 $aLavoratori stranieri$aItalia 610 0 $aImmigrati$aItalia$aMercato del lavoro 676 $a331.620945$v21$zita 702 1$aLa Rosa,$bMichele$f<1937- > 702 1$aZanfrini,$bLaura 801 0$aIT$bUNINA$gRICA$2UNIMARC 901 $aBK 912 $a990004000840403321 952 $a331.620945 LAR 1$b2335$fBFS 959 $aBFS 996 $aPercorsi migratori tra reti etniche, istituzioni e mercato del lavoro$9472169 997 $aUNINA LEADER 01586nas 2200517- 450 001 9910487552403321 005 20241221111339.0 011 $a2663-3981 035 $a(OCoLC)60628366 035 $a(CKB)110978977737651 035 $a(CONSER)--2021220546 035 $a(MiFhGG)0KIJ 035 $a(DE-599)ZDB2439384-8 035 $a(MiAaPQ)35026 035 $a(EXLCZ)99110978977737651 100 $a20050614a19529999 s-- - 101 0 $aspa 135 $aurun||||||||| 181 $ctxt$2rdacontent 182 $cc$2rdamedia 183 $acr$2rdacarrier 200 00$aRevista cartográfica 210 1$aBuenos Aires :$cInstituto Panamericano de Geografía e Historia 215 $a1 online resource $cillustrations, maps, diagrams 300 $aRefereed/Peer-reviewed 311 08$a0080-2085 531 1 $aRev. cartogr. 606 $aCartography$vPeriodicals 606 $aCartography$2fast$3(OCoLC)fst00848025 606 $aCARTOGRAFIA$xPUBLICACIONES PERIODICAS$2renib 606 $aCARTOGRAPHY$2unbist 606 $aMEXICO$2unbist 608 $aPeriodicals.$2fast 608 $aPeriodicals.$2lcgft 615 0$aCartography 615 7$aCartography. 615 7$aCARTOGRAFIA$xPUBLICACIONES PERIODICAS. 615 7$aCARTOGRAPHY. 615 7$aMEXICO. 676 $a[E] 712 02$aPan American Institute of Geography and History.$bCommission on Cartography, 712 02$aPan American Institute of Geography and History. 906 $aJOURNAL 912 $a9910487552403321 996 $aRevista cartográfica$92424331 997 $aUNINA